Statystyki dla Najlepsi strzelcy Seria A 22/23

Kliknij tutaj aby rozwiązać quiz!

Ogólne statystyki

  • Ten quiz został rozwiązany 22 razy
  • Średni wynik to 4 z 10

Statystyki odpowiedzi

Nr.GoleOdpowiedz% Poprawnych
2.21Martinez
89%
7.13Giroud
74%
9.12Immobile
74%
4.15Leao
74%
1.26Osimhen
68%
10.12Berardi
16%
3.16Dia
11%
6.13Lookman
11%
8.12Sanabria
11%
5.13M'bala
0%

Rozkład punktacji

Percentyl według liczby udzielonych odpowiedzi

Procent ludzi z każdym wynikiem

Twoja historia wyników

Nie rozwiązałeś tego quizu